| 000 | 00558nam a22001697a 4500 | ||
|---|---|---|---|
| 003 | OSt | ||
| 005 | 20251106064051.0 | ||
| 008 | 251106b |||||||| |||| 00| 0 eng d | ||
| 020 | _a9786214160150 | ||
| 040 |
_aDWCL-Main lib _cOC |
||
| 082 |
_22017 rev. edition _aFil. 657.042 V173t 2018 |
||
| 245 |
_aTheory financial accounting/ _cC. Valix |
||
| 250 | _a2017 rev. edition | ||
| 260 |
_aManila, Philippines : _bGIC Enterprises & ci. inc., _cc2017 |
||
| 300 |
_aviii, 352 pages : _b illustrations; _c22cm |
||
| 942 |
_2ddc _cBK - FIL _e2017 rev. edition _kFil. _n0 |
||
| 999 |
_c5603 _d5603 |
||